| 000 | 00570nam a22002057a 4500 | ||
|---|---|---|---|
| 008 | 150515b xxu||||| |||| 00| 0 eng d | ||
| 020 | _a9780073534336 (pbk.) | ||
| 020 | _a0073534331 | ||
| 041 | 0 | _aeng | |
| 080 | 0 | 0 | _a303 |
| 100 | 1 | _aHybels, Saundra. | |
| 245 | 1 | 0 |
_aCommunicating Effectively _cSaundra Hybels, Richard L. Weaver II. |
| 250 | _aBotimi dhjetë | ||
| 260 |
_aNew York : _bMcGraw-Hill, _cc2012. |
||
| 300 |
_a442 f _bme il _c26 cm. |
||
| 500 | _aIndex:f. I-I18 | ||
| 650 | 0 | _aKomunikimi gojor | |
| 700 | 1 |
_aWeaver, Richard L., _d1941- |
|
| 942 |
_2udc _cBK |
||
| 999 |
_c757 _d757 |
||